000 00824nam a22001937a 4500
005 20241203141154.0
010 _aHIN-128880
020 _a9788119996520
_c650.00
035 _aHN-101226
037 _bDBAD
082 _a
100 _aमिश्र, शची
_974585
245 _aमाधवी की देहगाथा /
_cशची मिश्र
250 _aप्रथम
260 _aप्रयागराज
_bलोकभारती प्रकाशन
_c2024
270 _aपहली मंजिल, दरबारी बिल्डिंग, महात्मा गाँधी मार्ग
_bप्रयागराज
_e211001
_minfo@lokbhartiprakashan.com
300 _a224 पृ.
_c22 सेमी (सजिल्द)
942 _2ddc
_cHN
_h
_mमिश्रश
999 _c207364
_d207364